Statistics for World's Busiest Ports by Cargo Tonnage

Click here to take the quiz!

General Stats

  • This quiz has been taken 180 times
    (155 since last reset)
  • The average score is 7 of 20

Answer Stats

LocationTons (000s)Answer% Correct
Asia644,659Shanghai
90%
Asia269,282Hong Kong
84%
Asia538,012Singapore
83%
Europe441,527Rotterdam
81%
Asia438,000Guangzhou
58%
Asia298,689Busan
47%
Europe184,136Antwerp
43%
Asia196,458Shenzhen
41%
Asia477,000Tianjin
35%
North America216,082Houston
31%
Asia744,000Ningbo-Zhoushan
19%
Asia407,340Qingdao
18%
Asia303,000Dalian
18%
Asia202,556Nagoya
16%
Asia195,856Port Klang
12%
North America228,677South Louisiana
9%
Australia288,443Port Hedland
9%
Australia180,366Dampier
4%
Asia174,117Ulsan
1%
Asia233,235Qinghuangdao
0%

Score Distribution

Percentile by Number Answered

Percent of People with Each Score

Your Score History

You have not taken this quiz since the last reset